000 00725nam a2200193 a 4500
003 0
005 20250603115223.0
008 021127s19uu xx 00 eng d
050 _aPHS SB 304
_b.V55 2001
100 _aVillanueva, Vanessa Vianca Rose V.
245 _aThe Use of Caulerpa racemosa linn as a retardant on the ripening of tropical fruits /
_cVanessa Vianca Rose V. Villanueva.
260 _aLas PiƱas City, Philippines :
_bSouthville International School and Colleges,
_c2001.
300 _a73 pages :
_billustrations ;
_c28 cm.
504 _aIncludes bibliographical references.
650 _aFruit
_xPostharvest technology.
650 _aCaulerpa racemosa.
650 _aFruit
_xRipening.
942 _2lcc
_cPASS
999 _c96459
_d96459